000 00768nam a2200241Ia 4500
003 OSt
005 20220926013935.0
006 a|||||r|||| 00| 0
007 ta
008 220923b |||||||| |||| 00| 0 eng d
037 _cGeneral Book
040 _aRTL
_cRTL
_beng
041 _2eng
_aeng
082 _aX:8D:(B2817), L6
100 _aNevman Maurice S
_9319300
245 0 _aFinancial accounting estimates through statistical
260 _aNew York
_bJohn Wiley USA
_c1976
300 _axiii, 247p. Bibliography P 225-26, Appendix P 191-224
_ccm.
490 _aWiley series on systems and controls for financial management
650 _aFinence
942 _hX:8D:(B2817), L6
_cGB
_2CC
999 _c627216
_d627216